Διασυνοριακή συνεργασία στον τομέα του τουρισμού. Η περίπτωση της Ελλάδος και της Τουρκίας : πτυχιακή εργασία

Saved in:
Bibliographic Details
Main Author: Στυλιανός, Κωνσταντίνος
Corporate Author: Πανεπιστήμιο Αιγαίου Σχολή Επιστημών της Διοίκησης Τμήμα Διοίκησης Επιχειρήσεων Πρόγραμμα Μεταπτυχιακών Σπουδών "Σχεδιασμός, Διοίκηση και Πολιτική του Τουρισμού"
Format: Thesis Book
Language:Greek
Published: 2004
Subjects:
Online Access:http://hdl.handle.net/11610/11434
Tags: Add Tag
No Tags, Be the first to tag this record!

MARC

LEADER 00000cam a2200000 i 4500
001 1/78871
008 050616s2004 gre d
035 |l 10078615 
040 |a GR-MY-UA  |b gre  |e aacr 
041 0 |a gre 
082 0 |a 338.479109495561  |2 (22) 
100 1 |a Στυλιανός, Κωνσταντίνος. 
245 1 0 |a Διασυνοριακή συνεργασία στον τομέα του τουρισμού. Η περίπτωση της Ελλάδος και της Τουρκίας :  |b πτυχιακή εργασία /  |c Στυλιανός Κωνσταντίνος ; διδάσκων Τερκενλή Θεανώ 
260 |c 2004 
300 |a 89 σ.;  |b πίν.;  |c 30 εκ. 
502 # # |a Διατριβή (μεταπτυχιακή) – Πανεπιστήμιο Αιγαίου, Χίος, 2004. 
504 |a Περιλαμβάνει βιβλιογραφία 
610 2 0 |a Πανεπιστήμιο Αιγαίου. 
650 0 0 |a Tourism  |z Greece. 
650 0 0 |a Tourism  |z Turkey. 
650 0 0 |a Dissertations, Academic  |z Greece. 
651 0 |a Greece  |x Foreign relations  |z Turkey. 
710 2 |a Πανεπιστήμιο Αιγαίου  |b Σχολή Επιστημών της Διοίκησης  |b Τμήμα Διοίκησης Επιχειρήσεων  |b Πρόγραμμα Μεταπτυχιακών Σπουδών "Σχεδιασμός, Διοίκηση και Πολιτική του Τουρισμού". 
852 |a INST  |b CHIOS  |c DIATR  |e 20050706  |h 338.479109495561 ΣΤΥ  |p 005200025084  |q 005200025084  |t MTXE  |y 23 
852 |a INST  |b CHIOS  |c DIATR  |e 20050616  |h 338.479109495561 ΣΤΥ  |p 005200025085  |q 005200025085  |t MTXE  |y 23 
856 |u http://hdl.handle.net/11610/11434 
901 |a BIBL2-2005-2 
909 |a Χ  |b 119272 
909 |a Χ  |b 119273 
924 |a ΣΤΥΛΙΑΝΟΣ  |b ΚΩΝΣΤΑΝΤΙΝΟΣ  |y ΧΙΟΣ  |z 2004-11 
970 |a ΒΑΣΙΛΑΚΗ  |b ΝΙΚΗ  |z 2005/07/06